00867nam a22002057i 4500003000900000005001700009007000300026008004100029040003100070100004300101110008700144245012700231264006400358300003200422336002800454337003400482338002900516500008700545504002900632DO-SdBNP20240215085342.0ta240117b1917 dr ||||| |||| 00| 0 spa d aDO-SdBNP bspacBNPHUerda1 aRodríguez Castro, Domingo A. eautor2 aUniversidad Central de Santo Domingo :bFacultad de Farmacia y Ciencias Químicas10a¿Existe algún signo para el conocimiento de la toxicidad de los hongos agaricáceos? /cDomingo A. Rodríguez Castro. aSanto Domingo :bTipografía El Progreso Emiliano, c1917. a19, [4] páginas ;c25 cm. 2rdacontent atextobtxt 2rdamedia asin mediaciónbn 2rdacarrier avolumenbnc aTesis para el Doctorado en Farmacia y Ciencias Químicas. Licenciado en Farmacia aBibliografía : p. [23]